000 00687nam a2200253 i 4500
001 C2-0323746
003 PPAK
005 20180728122240.0
008 131114s1998 nyua|||| ||||| | eng d
020 _a9780802135919
040 _aPPAK
_beng
_cPPAK
_erda
082 0 4 _a363.8
_223
090 0 0 _a363.8
_bLAP
_dLCK
100 1 _aLappe,Frances Moore,
_eauthor
245 1 0 _aWorld Hunger :
_btwelve myths
264 1 _aBroadway, New York :
_bGroup West ,
_c1998
300 _a(ix),270 pages :
_billustrations ;
_c23 cm
336 _2rdacontent
_atext
337 _2rdamedia
_aunmediated
338 _2rdacarrier
_avolume
500 _aHadiah
700 _eauthor
942 _ddc
_cB
999 _c123769
_d123769